000 00308nam a22001457a 4500
020 _a978-81-226-0784-0
082 _a894.812.1
_bVAI/K
100 _aVAILOPPILLY
245 _aKADALKAKKAKAL
260 _aTHRISSUR
_bCURRENT BOOKS
_c2009
300 _a91
520 _aPOETRY
650 _aPOETRY
942 _cBK
999 _c4511
_d4511